000 01070nac a22003131i 4500
003 EG-ScBUE
005 20241008110349.0
008 090124t1995 nyua f 001 0 eng d
020 _a9780071135436
020 _a007113543X
040 _aEG-ScBUE
_beng
_erda
_cEG-ScBUE
_dEG-ScBUE
082 0 4 _a515
_bWYL
_222
100 1 _aWylie, Clarence Raymon,
_eauthor.
245 1 0 _aAdvanced engineering mathematics /
_cC. Ray Wylie, professor emeritus, Furman University, Louis C. Barrett, professor emeritus, Montana State University.
250 _aSixth edition.
250 _aInternational edition.
264 1 _aNew York :
_bMcGraw-Hill,
_c[1995]
264 4 _cc1995
300 _axxii, 1362 pages :
_bcolor illustrations ;
_c26 cm
336 _2rdacontent
_atext
_btxt
337 _aunmediated
_2rdamedia
_bn
338 _avolume
_bnc
_2rdacarrier
500 _aIncludes index.
500 _aIncludes Answers to ODD-Numbered Exercises.
650 7 _aMathematics.
_2BUEsh
655 _vReading book
700 1 _aBarrett, Louis C.,
_eauthor.
942 _cBB
_2ddc
999 _c4174
_d4174